1894 1058 1097 1308 1271 1615 1796 1434 1501 1760 1681 1698 1616 1574 1840 1409 1423 1917 1685 1991 1764 1455 1459 1551 1193 1186 1605 1603 1794 1329 1025 1367 1206 1969 1509 1847 1564 1832 1190 1984 1694 1257 1053 1519 1038 1481 1588 1512 1131 1685 1439 1913 1833 1026 1127 1406 1179 1120 1525 1080 1489 1627 1410 1871 1619 1181 1086 1060 1838 1942 1096 1787 1012 1509 1547 1100 1151 1112 1867 1103 1537 1542 1378 1543 1690 1181 1834 1062 1875 1383 1161 1457 1212 1875 1551 1563 1262 1712 1708 BCNSPRNW ULIB Ver.6.0+V

เปลี่ยนเป็นภาษาไทย

Change to English
 แสดงรายละเอียดบรรณานุกรม
  กลับหน้าหลัก

Brief Record : Get Marc (ISO 2709) : E-mail record : QR code < ปิดหน้าต่าง
LEADER : 00000nam 2200000uu 4500
001    13399108901
003     ULIB
008    110316s2550||||th 000 0 tha d
020    9789748818771
060 04 WY20.5^bพ872ห 2550
100 0  เพชรน้อย สิงห์ช่างชัย
245 10 หลักการและการใช้วิจัยเชิงคุณภาพสำหรับทางการพยาบาลและสุขภาพ=^bPrinciples and using qualitative research in nursing and health /^cเพชรน้อย สิงห์ช่างชัย
246 31 Principles and using qualitative research in nursing andhealth
250    พิมพ์ครั้งที่ 1
260    สงขลา :^bชานเมืองการพิมพ์,^c2550
300    ก-จ, 256 หน้า :^cภาพประกอบ ;^c26 ซม.
504    มีบรรณานุกรมและดัชนี
650  7 การพยาบาล
650  7 วิจัย
945    ^p280^l0^i026897
945    ^p280^l0^i021421
945    ^p280^l0^i027809
945    ^p280^l0^i021420
945    ^p280^l0^i026898
995    เกษร
999 ^a ใช้งานได้ทุกระบบ
รายการนี้ยังไม่มีแท็ก
คุณยังไม่ได้ล็อกอิน คุณสามารถมีกิจกรรมร่วมกับเว็บไซต์ได้ แต่ต้องล็อกอินก่อน ::
  ล็อกอิน

รายการสื่อสารสนเทศ

ลำดับที่ ประเภท เลขเรียก/บาร์โค้ด สถานที่ สถานะ
- ไม่พบข้อมูล -

รายการใกล้เคียง
    ผู้แต่ง [เพชรน้อย สิงห์ช่างชัย]

    หัวเรื่อง [การพยาบาล]
    หัวเรื่อง [วิจัย]

BibComment


ยังไม่เคยถูกคอมเมนท์

คอมเมนท์ทรัพยากรรายการนี้
  คอมเมนท์: หลักการและการใช้ว..


 Copyright 2026. Bcnsprnw @Library